000 00375nam a2200145Ia 4500
008 210210b1975 xxu||||| |||| 00| 0 eng d
082 _a181 MULS
100 _aMULLER (F Max).
245 _aSacred books of the east.V20:Vinaya texts.
260 _aNew Delhi.
_bMotilal Banarsidass.,
_c1975
300 _a444
650 _aVinaya
690 _aPhilosophy
906 _aSG01799
999 _c113110
_d113110